Truyền thông quốc tế
Nội dung trình bày về lịch sử hình thành và phát triển của báo chí thế giới, toàn cầu hóa thông tin, ngành kinh doanh truyền thông toàn cầu hiện nay, quản lý cơ quan báo chí - truyền thông toàn cầu,
Guardado en:
| Autor principal: | |
|---|---|
| Formato: | Libro |
| Lenguaje: | Vietnamese |
| Publicado: |
H.
Chính trị Quốc gia - Sự thật
2014
|
| Materias: | |
| Etiquetas: |
Agregar Etiqueta
Sin Etiquetas, Sea el primero en etiquetar este registro!
|
| Thư viện lưu trữ: | Thư viện Trường Đại học Nam Cần Thơ |
|---|
| LEADER | 01174nam a22002057a 4500 | ||
|---|---|---|---|
| 001 | NCT_58180 | ||
| 008 | 190117b xxu||||| |||| 00| 0 vie d | ||
| 999 | |c 2816 |d 2816 | ||
| 020 | |a 9786045709269 |c 37000 | ||
| 082 | 0 | 4 | |2 23rd ed. |a 302.23 |b V121` |
| 100 | 1 | |a Vũ Thanh Vân | |
| 245 | 1 | 0 | |a Truyền thông quốc tế |c Vũ Thanh Vân |
| 260 | |a H. |b Chính trị Quốc gia - Sự thật |c 2014 | ||
| 300 | |a 207 tr. |c 21cm | ||
| 520 | 3 | |a Nội dung trình bày về lịch sử hình thành và phát triển của báo chí thế giới, toàn cầu hóa thông tin, ngành kinh doanh truyền thông toàn cầu hiện nay, quản lý cơ quan báo chí - truyền thông toàn cầu, | |
| 653 | |a Quan hệ công chúng (PR) | ||
| 942 | |2 ddc |c BK | ||
| 952 | |0 0 |1 0 |2 ddc |4 0 |6 302_230000000000000_V121 |7 0 |9 15312 |a 000001 |b 000001 |d 2019-01-17 |o 302.23 V121 |p MD.13967 |r 2019-01-17 |v 37000.00 |w 2019-01-17 |y BK | ||
| 952 | |0 0 |1 0 |2 ddc |4 0 |6 302_230000000000000_V121 |7 0 |9 15313 |a 000001 |b 000001 |d 2019-01-17 |o 302.23 V121 |p MD.13968 |r 2019-01-17 |v 37000.00 |w 2019-01-17 |y BK | ||
| 980 | |a Thư viện Trường Đại học Nam Cần Thơ | ||


